[Event "Nugegoda GP 6th"]
[Site "Nugegoda"]
[Date "2019.06.03"]
[Round "11"]
[White "Dissanayaka, Yadeesha Rashmane"]
[Black "De Silva, Osheen"]
[Result "0-1"]
[WhiteElo "1610"]
[BlackElo "1845"]
[PlyCount "146"]
[EventDate "2019.05.25"]
[EventType "tourn"]
[EventRounds "11"]
[EventCountry "SRI"]
[SourceTitle "CBM 190 Extra"]
[Source "ChessBase"]
[SourceDate "2019.07.15"]
[SourceVersion "1"]
[SourceVersionDate "2019.07.15"]
[SourceQuality "1"]

1. Nf3 d5 2. d4 Nf6 3. e3 c5 4. b3 Nc6 5. Bb2 Bg4 6. Be2 e6 7. Nbd2 Rc8 8. 0-0 Qb6 9. Rb1 cxd4 10. Nxd4 Bxe2 11. Qxe2 Be7 12. Nxc6 Rxc6 13. Rfe1 Rc8 14. Rf1 Rc6 15. Rfc1 0-0 16. Qd3 Qa5 17. a4 Rfc8 18. c4 Bb4 19. Bc3 a6 20. Bxb4 Qxb4 21. Rd1 h6 22. Qe2 dxc4 23. bxc4 Qxa4 24. Rxb7 Rd6 25. Rbb1 Rcd8 26. f3 Rd3 27. Rbc1 Qa2 28. Ra1 Qb2 29. Rab1 Qc3 30. Nf1 Rxd1 31. Rxd1 Rxd1 32. Qxd1 Qxc4 33. e4 Qc5+ 34. Kh1 a5 35. h3 Nh5 36. Qd2 a4 37. Kh2 a3 38. Ne3 a2 39. Nc2 Qxc2 40. Qxc2 a1Q 41. Qf2 Qe5+ 42. g3 g6 43. Kg2 Kg7 44. Kh2 Nf6 45. Kg2 h5 46. h4 Nd7 47. Qe2 Nc5 48. Qc2 Qd4 49. Kh2 Nd3 50. Kh3 Qa1 51. Qg2 Qe1 52. Kh2 Qf2 53. Qxf2 Nxf2 54. Kg2 Nd3 55. f4 Kf6 56. Kf3 e5 57. fxe5+ Kxe5 58. Ke3 Nc5 59. Kf3 Nxe4 60. g4 hxg4+ 61. Kxg4 f5+ 62. Kf3 Nf6 63. Kg3 f4+ 64. Kf3 Kf5 65. Kf2 Ke4 66. Kf1 Kf3 67. Kg1 Ke2 68. Kg2 f3+ 69. Kh2 f2 70. h5 f1Q 71. Kg3 Qf3+ 72. Kh2 Ng4+ 73. Kg1 Qf1# 0-1

[Event "Nugegoda GP 6th"]
[Site "Nugegoda"]
[Date "2019.05.26"]
[Round "3"]
[White "Weerawardane, Romesh"]
[Black "Dissanayaka, Yadeesha Rashmane"]
[Result "1-0"]
[WhiteElo "2055"]
[BlackElo "1610"]
[PlyCount "89"]
[EventDate "2019.05.25"]
[EventType "tourn"]
[EventRounds "11"]
[EventCountry "SRI"]
[SourceTitle "CBM 190 Extra"]
[Source "ChessBase"]
[SourceDate "2019.07.15"]
[SourceVersion "1"]
[SourceVersionDate "2019.07.15"]
[SourceQuality "1"]

1. e4 d5 2. exd5 Qxd5 3. Nc3 Qd8 4. d4 Nf6 5. Nf3 Bg4 6. h3 Bxf3 7. Qxf3 c6 8. Be3 e6 9. 0-0-0 Bd6 10. g4 Nbd7 11. g5 Nd5 12. Ne4 Bc7 13. Bd2 Qe7 14. c4 N5b6 15. Qb3 c5 16. Kb1 Bd6 17. Be3 cxd4 18. Bxd4 Be5 19. Bxe5 Nxe5 20. Qb5+ Nc6 21. Nd6+ Kf8 22. Bg2 Nd8 23. c5 Nc8 24. Nxb7 Nxb7 25. Qxb7 Qxb7 26. Bxb7 Rb8 27. Rd8+ Ke7 28. Rxh8 Rxb7 29. Rxc8 f6 30. c6 Rb6 31. Rd1 fxg5 32. Rd7+ Kf6 33. Rf8+ Kg6 34. c7 Rc6 35. c8Q Rxc8 36. Rxc8 h6 37. Rcc7 Kf5 38. Rxg7 Ke5 39. Kc2 Kd6 40. Rxa7 Kc6 41. a4 Kb6 42. Rgc7 h5 43. Kc3 g4 44. Kc4 gxh3 45. a5# 1-0

[Event "Negombo op 3rd"]
[Site "Negambo"]
[Date "2017.08.21"]
[Round "3"]
[White "Kumara, CMS Praneeth"]
[Black "Dissanayaka, Yadeesha Rashmane"]
[Result "1-0"]
[WhiteElo "1775"]
[BlackElo "1215"]
[PlyCount "95"]
[EventDate "2017.08.20"]
[EventType "swiss"]
[EventRounds "10"]
[EventCountry "SRI"]
[SourceTitle "CBM 180 Extra"]
[Source "ChessBase"]
[SourceDate "2017.10.06"]
[SourceVersion "1"]
[SourceVersionDate "2017.10.06"]
[SourceQuality "1"]

1. e4 c5 2. Nc3 Nc6 3. f4 d6 4. Bb5 Bd7 5. Bxc6 Bxc6 6. Nf3 e6 7. d3 Be7 8. 0-0 Qd7 9. Bd2 Nf6 10. Qe1 0-0-0 11. a3 Qc7 12. Rb1 h6 13. b4 b6 14. bxc5 dxc5 15. Ne5 Rhf8 16. Nb5 Bxb5 17. Rxb5 Nd7 18. Nc4 Qc6 19. a4 Bd6 20. a5 a6 21. Nxb6+ Kc7 22. Rb3 Rb8 23. Qb1 f6 24. Nxd7 Kxd7 25. f5 exf5 26. Rxf5 Be5 27. Qa2 Qc7 28. g3 g6 29. Rf3 g5 30. Kg2 Ke7 31. Bc3 Rxb3 32. Qxb3 Bxc3 33. Qxc3 Qd6 34. Rf5 Rc8 35. Rd5 Qc6 36. Kf2 Rc7 37. Qa3 Ke8 38. c4 Kf7 39. Qc3 Rc8 40. Rf5 Kg6 41. g4 Qd6 42. e5 fxe5 43. Qxe5 Qxd3 44. Qe6+ Kg7 45. Rf7+ Kg8 46. Rd7+ Kh8 47. Qf6+ Kg8 48. Qg7# 1-0